Much ado about nothing (Record no. 32782)

MARC details
000 -LEADER
fixed length control field 00524nam a2200181Ia 4500
020 ## - INTERNATIONAL STANDARD BOOK NUMBER
ISBN 1853262544
050 ## - CALL MARK
Classification number PN 2093 .A44/
100 ## - STATEMENT OF RESPONSIBILITY--MAIN AUTHOR NAME
Personal name Shakespeare, William
245 #0 - TITLE STATEMENT
Title Much ado about nothing
260 ## - PUBLICATION, DISTRIBUTION, ETC. (IMPRINT)
Place of publication Hertfordshire
260 ## - PUBLICATION, DISTRIBUTION, ETC. (IMPRINT)
Name of publisher Wordsworth Editions Ltd
260 ## - PUBLICATION, DISTRIBUTION, ETC. (IMPRINT)
Year of publication 2003
300 ## - PHYSICAL DESCRIPTION
Number of Pages 143 p
650 ## - SUBJECT ADDED ENTRY--TOPICAL TERM
Topical Term Courtship --Drama. Conspiracies --Drama. Rejection (Psychology) --Drama. Messina (Italy) --Drama
942 ## - ADDED ENTRY ELEMENTS (KOHA)
Koha item type Books
Holdings
Withdrawn status Lost status Source of classification or shelving scheme Damaged status Not for loan Permanent Location Current Location Shelving location Date acquired Accession Number Price effective from Koha item type
    Library of Congress Classification     NILE UNIVERSITY OF NIGERIA - MAIN LIBRARY NILE UNIVERSITY OF NIGERIA - MAIN LIBRARY Items on shelf 04/23/2025 0005595 04/23/2025 Books